| 000 | 00770cam a2200229 a 4500 | ||
|---|---|---|---|
| 020 | _a0521324513 | ||
| 020 | _a0521310121 (pbk.) | ||
| 040 | _cDLC | ||
| 082 | 0 | 0 |
_a599 CAM 1986 A032 Or. _a. |
| 110 | 2 | _aInternational Primatological Society. | |
| 245 | 1 | 0 | _aPrimate ecology and conservation / |
| 260 |
_aCambridge [Cambridgeshire] ; _aNew York : _bCambridge University Press, _c1986. |
||
| 300 |
_axii, 393 p. : _bill. ; _c24 cm. |
||
| 490 | 1 | _aSelected proceedings of the Tenth Congress of the International Primatological Society ; | |
| 650 | 0 | _aPrimates | |
| 650 | 0 | _aWildlife conservation | |
| 650 | 0 | _aMammals | |
| 700 | 1 | _aElse, James G. | |
| 700 | 1 | _aLee, Phyllis C. | |
| 856 | 4 | 2 | _uhttp://www.loc.gov/catdir/description/cam032/86008287.html |
| 942 | _cEK | ||
| 999 |
_c12106 _d12106 |
||